<?xml version="1.0" encoding="UTF-8"?><?xml-stylesheet type="text/xsl" href="static/style.xsl"?><OAI-PMH xmlns="http://www.openarchives.org/OAI/2.0/" xmlns:xsi="http://www.w3.org/2001/XMLSchema-instance" xsi:schemaLocation="http://www.openarchives.org/OAI/2.0/ http://www.openarchives.org/OAI/2.0/OAI-PMH.xsd"><responseDate>2026-04-14T16:18:05Z</responseDate><request verb="GetRecord" identifier="oai:uvadoc.uva.es:10324/38403" metadataPrefix="marc">https://uvadoc.uva.es/oai/request</request><GetRecord><record><header><identifier>oai:uvadoc.uva.es:10324/38403</identifier><datestamp>2021-06-30T01:48:27Z</datestamp><setSpec>com_10324_38</setSpec><setSpec>col_10324_852</setSpec></header><metadata><record xmlns="http://www.loc.gov/MARC21/slim" xmlns:doc="http://www.lyncode.com/xoai" xmlns:xsi="http://www.w3.org/2001/XMLSchema-instance" xmlns:dcterms="http://purl.org/dc/terms/" xsi:schemaLocation="http://www.loc.gov/MARC21/slim http://www.loc.gov/standards/marcxml/schema/MARC21slim.xsd">
<leader>00925njm 22002777a 4500</leader>
<datafield tag="042" ind1=" " ind2=" ">
<subfield code="a">dc</subfield>
</datafield>
<datafield tag="720" ind1=" " ind2=" ">
<subfield code="a">Gallardo Sahagún, Marta</subfield>
<subfield code="e">author</subfield>
</datafield>
<datafield tag="260" ind1=" " ind2=" ">
<subfield code="c">2019</subfield>
</datafield>
<datafield tag="520" ind1=" " ind2=" ">
<subfield code="a">Las prohibiciones de disponer restringen la facultad de disposición de un derecho real inmobiliario de forma temporal y por una justa causa, permitiéndose su inscripción cuando se contengan en un título gratuito. Atendiendo al origen existen tres tipos: legales, judiciales o administrativas y voluntarias.&#xd;
Las prohibiciones voluntarias son las establecidas por los propios particulares en defensa de sus intereses privados. Pueden contenerse en actos inter vivos o mortis causa. En actos inter vivos pueden ser de carácter gratuito (donaciones o capitulaciones) u oneroso, y consisten en no disponer.</subfield>
</datafield>
<datafield tag="024" ind2=" " ind1="8">
<subfield code="a">http://uvadoc.uva.es/handle/10324/38403</subfield>
</datafield>
<datafield tag="245" ind1="0" ind2="0">
<subfield code="a">Las prohibiciones voluntarias de disponer</subfield>
</datafield>
</record></metadata></record></GetRecord></OAI-PMH>